|
|
|
|
| LEADER |
01538nam a22003132a 4500 |
| 001 |
000172047 |
| 003 |
CZ BrMZK |
| 005 |
20091005120033.0 |
| 007 |
ta |
| 008 |
970107s1987 xr f cze d |
| 040 |
|
|
|a BOA001
|b cze
|
| 041 |
1 |
|
|a cze
|a eng
|a rus
|
| 080 |
|
|
|a 378.67(437.222)(0.062)
|2 MRF
|
| 245 |
0 |
0 |
|a Almanach ke 40. výročí založení Janáčkovy akademie múzických umění v Brně, nositelky vyznamenání Za zásluhy o výstavbu /
|c red. připr. Karel Bundálek ve spolupráci s Evou Šlapanskou a Janou Wagnerovou za použití materiálu shromážděného Janem Trojanem, ... [et al.]
|
| 250 |
|
|
|a 1. vyd.
|
| 260 |
|
|
|a Brno :
|b Janáčkova akademie múzických umění,
|c 1987
|
| 300 |
|
|
|a 173 s.
|
| 546 |
|
|
|a Část. anglický a ruský text
|
| 700 |
1 |
|
|a Šlapanská, Eva,
|d 1935-
|7 jam2008472711
|4 red
|
| 700 |
1 |
|
|a Bundálek, Karel,
|d 1919-1990
|7 jk01020267
|4 red
|
| 700 |
1 |
|
|a Wagnerová, Jana,
|c almanach
|4 red
|
| 910 |
|
|
|a BOA001
|b PK-0108.486
|b 2-0936.694
|
| 920 |
|
|
|a 000228045
|
| 964 |
|
|
|a Brno - školy vysoké - Janáčkova akademie múzických umění - výročí 40.
|
| 990 |
|
|
|a BK
|
| 996 |
6 |
|
|b 2619780924
|c 2-0936.694
|l MZK
|r Sklad / do 1 hodiny
|n 1
|w 000172047
|u 000040
|a 1
|e BOA001
|j MZK50
|s P
|
| 996 |
7 |
|
|b 2619878262
|c 2-0936.694
|l MZK
|r Sklad / do 1 hodiny
|n 3
|w 000172047
|u 000030
|a 1
|e BOA001
|j MZK50
|s A
|
| 996 |
7 |
|
|b 2619909066
|c 2-0936.694
|l MZK
|r Sklad / do 1 hodiny
|n 3
|w 000172047
|u 000020
|a 1
|e BOA001
|j MZK50
|s A
|
| 996 |
7 |
|
|b 3119944914
|c PK-0108.486
|l MZK
|r Sklad / do 1 hodiny
|n 13
|w 000172047
|u 000010
|a 1
|e BOA001
|j MZK50
|s A
|